Statistics for Step Brothers

Click here to take the quiz!

General Stats

  • This quiz has been taken 690 times
  • The average score is 6 of 9

Answer Stats

HintAnswer% Correct
The title of their music videoBoats and Hoes
91%
The name of Brennan & Dales international entertainment companyPrestige Worldwide
86%
What did the audience say Brennan had at his childhood talent showMangina
83%
What is the name of the event where Robert & Nancy reuniteCatalina Wine Mixer
80%
Favourite non-pornographic magazine to masturbate toGood Housekeeping
77%
If you were a chick whos the 1 guy you would sleep withJohn Stamos
73%
Brennans brotherDerek
67%
The surname of the main familyDoback
64%
Favourite DinosaurVeloceraptor
18%

Score Distribution

Percentile by Number Answered

Percent of People with Each Score

Your Score History

You have not taken this quiz